000 00804nam a22002057a 4500
999 _c18755
_d18755
003 AR-CdUCM
008 190515b ||||| |||| 00| 0 spa d
040 _aMUNICIPALIDAD PROVINCIAL DEL CUSCO
_cBIBLIOTECA MUNICIPAL DEL CUSCO
082 _a329.9497 /
_bD87
100 _aDolanc, Stane.
_939537
245 _aLa liga de los comunistas de Yugoslavia en el sistema de auto gestión /
260 _aBeograd :
_bKomunist,
_c1975.
300 _a281 páginas ;
_c21 cm.
440 _aBiblioteca Cas.
_939538
505 _aContenido : Linea estratégica de la liga de los comunistas de Yugoslavia -- Nuevo sistema económico-social y político -- Lucha por una nueva creación cultural ...
650 _aRevolución.
_9844
650 _aComunismo.
_9495
942 _2ddc
_cLIBROS
945 _arum
_d2019-05-15